[Event "21st Sants Open 2019"]
[Site "Cotxeres de Sants"]
[Date "2019.08.29"]
[Round "7.7"]
[White "Idani, Pouya"]
[Black "Panelo, Marcelo"]
[Result "1/2-1/2"]
[WhiteElo "2581"]
[BlackElo "2378"]
[Annotator "ChessBase"]
[PlyCount "82"]
[EventDate "2019.08.22"]
[EventType "swiss"]
[EventCountry "ESP"]
[SourceTitle "playchess.com"]
[Source "ChessBase"]
[SourceQuality "1"]
[TimeControl "40/5400+30:1800+30"]

1. e4 {[%emt 0:00:00]} c5 {[%emt 0:00:00]} 2. Nf3 {[%emt 0:00:00]} d6 {[%emt 0:00:00]} 3. d4 {[%emt 0:00:00]} cxd4 {[%emt 0:00:00]} 4. Nxd4 {[%emt 0:00:00]} Nf6 {[%emt 0:00:03]} 5. Nc3 {[%emt 0:00:00]} Nc6 {[%emt 0:00:47]} 6. Bg5 {[%emt 0:00:09]} Bd7 {[%emt 0:04:37]} 7. Qd2 {[%emt 0:00:22]} Rc8 {[%emt 0:00:17]} 8. O-O-O {[%emt 0:00:39]} Nxd4 {[%emt 0:00:20]} 9. Qxd4 {[%emt 0:00:06]} Qa5 {[%emt 0:00:04]} 10. Bd2 {[%emt 0:00:19]} a6 {[%emt 0:01:11]} 11. f3 {[%emt 0:13:09]} g6 {[%emt 0:11:50]} 12. Kb1 {[%emt 0:05:25]} Qc5 {[%emt 0:05:17]} 13. Be3 {[%emt 0:04:23]} Qxd4 {[%emt 0:15:19]} 14. Bxd4 {[%emt 0:01:14]} Bg7 {[%emt 0:00:26]} 15. Nd5 {[%emt 0:00:54]} e5 {[%emt 0:00:14]} 16. Bc3 {[%emt 0:09:03]} Nxd5 {[%emt 0:00:07]} 17. Rxd5 {[%emt 0:00:05]} Rc6 {[%emt 0:01:12]} 18. Bb4 {[%emt 0:00:51]} Ke7 {[%emt 0:00:55]} 19. b3 {[%emt 0:04:06]} Be6 {[%emt 0:00:52]} 20. Rd3 {[%emt 0:00:12]} Rhc8 {[%emt 0:05:01]} 21. c3 {[%emt 0:00:08]} Ra8 {[%emt 0:21:54]} 22. Ba3 {[%emt 0:09:12]} a5 {[%emt 0:02:49]} 23. c4 {[%emt 0:01:19]} a4 {[%emt 0:01:46]} 24. Be2 {[%emt 0:02:43]} axb3 {[%emt 0:02:21]} 25. Rxb3 {[%emt 0:00:06]} Bxc4 {[%emt 0:15:50]} 26. Bxc4 {[%emt 0:01:45]} Rxc4 {[%emt 0:00:06]} 27. Rxb7+ {[%emt 0:00:03]} Ke6 {[%emt 0:00:06]} 28. Bb4 {[%emt 0:07:18]} Bf8 {[%emt 0:03:35]} 29. a3 {[%emt 0:03:03]} f5 {[%emt 0:03:01]} 30. Rc1 {[%emt 0:04:33]} Rxc1+ {[%emt 0:03:01]} 31. Kxc1 {[%emt 0:00:26]} fxe4 {[%emt 0:00:22]} 32. fxe4 {[%emt 0:00:06]} d5 {[%emt 0:01:13]} 33. Rb6+ {[%emt 0:03:31]} Kd7 {[%emt 0:00:07]} 34. exd5 {[%emt 0:00:07]} Bxb4 {[%emt 0:00:06]} 35. axb4 {[%emt 0:00:04]} Ra2 {[%emt 0:00:10]} 36. b5 {[%emt 0:01:04]} e4 {[%emt 0:01:14]} 37. Rb7+ {[%emt 0:07:53]} Kd6 {[%emt 0:00:11]} 38. Rxh7 {[%emt 0:00:02]} e3 {[%emt 0:00:38]} 39. Kd1 {[%emt 0:00:15]} Rxg2 {[%emt 0:01:22]} 40. b6 {[%emt 0:00:00]} Kxd5 {[%emt 0:00:00]} 41. b7 {[%emt 0:00:58]} Rb2 {[%emt 0:00:53]} 1/2-1/2

[Event "21st Sants Open 2019"]
[Site "Cotxeres de Sants"]
[Date "2019.08.29"]
[Round "7.8"]
[White "Avila Pavas, Santiago"]
[Black "Bauer, Christian"]
[Result "0-1"]
[WhiteElo "2411"]
[BlackElo "2626"]
[Annotator "RC"]
[PlyCount "89"]
[EventDate "2019.08.22"]
[EventType "swiss"]
[EventCountry "ESP"]
[SourceTitle "playchess.com"]
[Source "ChessBase"]
[SourceQuality "1"]
[TimeControl "40/5400+30:1800+30"]

1. Nf3 {[%emt 0:02:43]} Nf6 {[%emt 0:00:00]} 2. g3 {[%emt 0:00:30]} d5 {[%emt 0:02:15]} 3. Bg2 {[%emt 0:00:14]} c6 {[%emt 0:01:07]} 4. O-O {[%emt 0:00:28]} Bf5 {[%emt 0:00:12]} 5. d3 {[%emt 0:01:47]} e6 {[%emt 0:00:11]} 6. c4 {[%emt 0:00:09]} Nbd7 {[%emt 0:04:49]} 7. Nc3 {[%emt 0:05:25]} Be7 {[%emt 0:02:21]} 8. b3 {[%emt 0:03:35]} h6 {[%emt 0:02:50]} 9. Bb2 {[%emt 0:01:02]} O-O {[%emt 0:00:07]} 10. Qc2 {[%emt 0:08:28]} Bh7 {[%emt 0:01:26]} 11. Rad1 {[%emt 0:01:32]} e5 {[%emt 0:03:49]} 12. e4 {[%emt 0:15:38]} d4 {[%emt 0:01:17]} 13. Nb1 {[%emt 0:01:53]} a5 {[%emt 0:01:19]} 14. a3 {[%emt 0:00:09]} Re8 {[%emt 0:09:15]} 15. Nbd2 {[%emt 0:02:28]} Bd6 {[%emt 0:03:27]} 16. Nh4 {[%emt 0:10:08]} Nc5 {[%emt 0:03:16]} 17. Bh3 {[%emt 0:05:26]} Bf8 {[%emt 0:05:22]} 18. Nf5 {[%emt 0:11:21]} Ne6 {[%emt 0:04:35]} 19. Bc1 {[%emt 0:02:32]} b5 {[%emt 0:05:21]} 20. f4 {[%emt 0:05:29]} exf4 {[%emt 0:10:14]} 21. gxf4 {[%emt 0:00:02]} Nh5 {[%emt 0:00:22]} 22. Nb1 {[%emt 0:00:16]} a4 {[%emt 0:05:43]} 23. b4 {[%emt 0:09:50]} c5 {[%emt 0:01:06]} 24. bxc5 {[%emt 0:00:23]} bxc4 {[%emt 0:02:16]} 25. Qxc4 {[%emt 0:02:03]} Qb8 {[%emt 0:07:43]} 26. Bd2 {[%emt 0:05:16]} Nhxf4 {[%emt 0:04:38]} 27. Bxf4 {[%emt 0:00:22]} Nxf4 {[%emt 0:00:01]} 28. Bg4 {[%emt 0:00:12]} h5 {[%emt 0:03:56]} 29. Nd6 {[%emt 0:02:59]} Bxd6 {[%emt 0:00:25]} 30. cxd6 {[%emt 0:00:01]} Qxd6 {[%emt 0:01:16]} 31. Bxh5 {[%emt 0:00:02]} Bg6 {[%emt 0:04:54]} 32. Bg4 {[%emt 0:00:37]} Qe5 {[%emt 0:03:48]} 33. Qc1 {[%emt 0:00:01]} Ne6 {[%emt 0:00:20]} 34. Rd2 {[%emt 0:02:35]} Rab8 {[%emt 0:01:38]} 35. Rdf2 {[%emt 0:00:48]} Rb3 {[%emt 0:02:07]} 36. Qc4 {[%emt 0:00:51]} Qg5 {[%emt 0:01:17]} 37. h3 {[%emt 0:00:08]} Qe3 {[%emt 0:02:07]} 38. Qxa4 {[%emt 0:01:03]} Reb8 {[%emt 0:00:13]} 39. Nd2 {[%emt 0:00:26]} Rxd3 {[%emt 0:01:09]} 40. Nc4 {[%emt 0:00:00]} Qg5 {[%emt 0:00:00]} 41. Qd7 {[%emt 0:18:45]} Rbb3 {[%emt 0:12:50]} 42. Rg2 {[%emt 0:05:09]} Rg3 {[%emt 0:03:40]} 43. Nd6 {[%emt 0:08:10]} Rxg2+ {[%emt 0:04:20]} 44. Kxg2 {[%emt 0:00:02]} Qd2+ {[%emt 0:00:24]} 45. Kh1 0-1

[Event "21st Sants Open 2019"]
[Site "Cotxeres de Sants"]
[Date "2019.08.29"]
[Round "7.9"]
[White "Murshed, Niaz"]
[Black "Hillarp Persson, Tiger"]
[Result "0-1"]
[WhiteElo "2405"]
[BlackElo "2558"]
[Annotator "ChessBase"]
[PlyCount "112"]
[EventDate "2019.08.22"]
[EventType "swiss"]
[EventCountry "ESP"]
[SourceTitle "playchess.com"]
[Source "ChessBase"]
[SourceQuality "1"]
[TimeControl "40/5400+30:1800+30"]

1. d4 {[%emt 0:00:00]} Nf6 {[%emt 0:00:17]} 2. c4 {[%emt 0:00:00]} g6 {[%emt 0:00:20]} 3. Nc3 {[%emt 0:00:00]} Bg7 {[%emt 0:00:05]} 4. e4 {[%emt 0:00:00]} d6 {[%emt 0:00:04]} 5. Be2 {[%emt 0:00:07]} O-O {[%emt 0:00:12]} 6. Bg5 {[%emt 0:00:04]} Na6 {[%emt 0:00:07]} 7. Qd2 {[%emt 0:00:45]} e5 {[%emt 0:00:13]} 8. d5 {[%emt 0:00:27]} c6 {[%emt 0:00:07]} 9. f3 {[%emt 0:00:40]} cxd5 {[%emt 0:00:07]} 10. cxd5 {[%emt 0:00:09]} Bd7 {[%emt 0:00:13]} 11. Bxa6 {[%emt 0:00:18]} bxa6 {[%emt 0:00:07]} 12. Nge2 {[%emt 0:00:05]} Qb6 {[%emt 0:00:20]} 13. Be3 {[%emt 0:00:17]} Qb7 {[%emt 0:00:38]} 14. O-O {[%emt 0:00:26]} Ne8 {[%emt 0:00:30]} 15. Rac1 {[%emt 0:05:13]} Rc8 {[%emt 0:12:15]} 16. Nb1 {[%emt 0:07:15]} f5 {[%emt 0:01:04]} 17. Rxc8 {[%emt 0:05:12]} Bxc8 {[%emt 0:01:02]} 18. h3 {[%emt 0:10:07]} Nf6 {[%emt 0:10:27]} 19. Qc2 {[%emt 0:25:09]} fxe4 {[%emt 0:11:52]} 20. fxe4 {[%emt 0:00:09]} Nxe4 {[%emt 0:00:14]} 21. Qxe4 {[%emt 0:01:08]} Rxf1+ {[%emt 0:00:09]} 22. Kxf1 {[%emt 0:00:07]} Bf5 {[%emt 0:00:07]} 23. Qc4 {[%emt 0:01:52]} Bxb1 {[%emt 0:00:11]} 24. Nc3 {[%emt 0:00:06]} Bf5 {[%emt 0:00:42]} 25. Qc6 {[%emt 0:04:03]} Bd3+ {[%emt 0:08:41]} 26. Kg1 {[%emt 0:00:50]} Qb8 {[%emt 0:01:09]} 27. Qd7 {[%emt 0:07:51]} h6 {[%emt 0:05:45]} 28. Qe6+ {[%emt 0:23:38]} Kh8 {[%emt 0:06:44]} 29. Kh2 {[%emt 0:05:25]} Qxb2 {[%emt 0:04:54]} 30. Nd1 {[%emt 0:01:33]} Qe2 {[%emt 0:01:35]} 31. Qg4 {[%emt 0:00:17]} Qxg4 {[%emt 0:02:28]} 32. hxg4 {[%emt 0:00:03]} Bc4 {[%emt 0:11:29]} 33. Nc3 {[%emt 0:00:32]} e4 {[%emt 0:00:06]} 34. Bd2 {[%emt 0:00:05]} e3 {[%emt 0:00:28]} 35. Be1 {[%emt 0:00:05]} Be5+ {[%emt 0:00:46]} 36. g3 {[%emt 0:00:07]} Bf1 {[%emt 0:15:44]} 37. Kg1 {[%emt 0:02:03]} Bh3 {[%emt 0:00:08]} 38. g5 {[%emt 0:00:56]} hxg5 {[%emt 0:00:15]} 39. Ne4 {[%emt 0:00:17]} Bf5 {[%emt 0:02:22]} 40. Nxg5 {[%emt 0:00:00]} Kg7 {[%emt 0:00:00]} 41. Kg2 {[%emt 0:00:19]} Bf6 {[%emt 0:03:23]} 42. Ne6+ {[%emt 0:00:31]} Bxe6 {[%emt 0:02:29]} 43. dxe6 {[%emt 0:00:02]} Bd4 {[%emt 0:05:45]} 44. Kf3 {[%emt 0:00:07]} d5 {[%emt 0:00:13]} 45. Bb4 {[%emt 0:01:07]} Kf6 {[%emt 0:06:22]} 46. e7 {[%emt 0:00:09]} Kf7 {[%emt 0:00:03]} 47. Bd6 {[%emt 0:02:45]} Bf6 {[%emt 0:03:55]} 48. Kxe3 {[%emt 0:00:13]} Bxe7 {[%emt 0:00:07]} 49. Bb8 {[%emt 0:00:29]} Bc5+ {[%emt 0:00:12]} 50. Kf3 {[%emt 0:01:59]} Ke6 {[%emt 0:00:13]} 51. g4 {[%emt 0:00:21]} Kd7 {[%emt 0:00:26]} 52. a4 {[%emt 0:09:55]} Kc6 {[%emt 0:00:23]} 53. Be5 {[%emt 0:00:40]} Bb6 {[%emt 0:01:48]} 54. Bf6 {[%emt 0:01:12]} Kc5 {[%emt 0:00:58]} 55. Kf4 {[%emt 0:00:43]} Kc4 {[%emt 0:00:23]} 56. Kg5 {[%emt 0:00:13]} d4 {[%emt 0:00:13]} 0-1

[Event "21st Sants Open 2019"]
[Site "Cotxeres de Sants"]
[Date "2019.08.29"]
[Round "7.10"]
[White "Krysa, Leandro"]
[Black "Morales, Jhon Alexander"]
[Result "1/2-1/2"]
[WhiteElo "2516"]
[BlackElo "2405"]
[Annotator "TA"]
[PlyCount "151"]
[EventDate "2019.08.22"]
[EventType "swiss"]
[EventCountry "ESP"]
[SourceTitle "playchess.com"]
[Source "ChessBase"]
[SourceQuality "1"]

{[%evp 21,151,33,33,-2,0,0,0,-28,-25,-23,0,-44,0,0,0,-4,-7,-4,33,31,33,38,21,28,37,11,18,-17,8,-17,18,7,21,20,20,26,79,28,49,42,72,72,86,86,85,85,87,77,95,81,95,85,95,95,95,95,95,95,95,95,95,95,95,95,105,105,112,112,112,112,112,112,112,112,112,39,39,39,39,39,39,12,12,12,12,12,12,12,12,12,12,12,12,12,12,12,20,20,32,32,32,32,4556,4556,4556,4556,4556,4556,4556,4556,4556,4556,4556,4556,4556,4556,4556,4556,4556,4556,4556,4556,4556,4556,4556,4556,4556,32,32,32,32,0]} 1. c4 e6 2. Nc3 d5 3. e3 Nf6 4. Nf3 c5 5. cxd5 exd5 6. d4 Nc6 7. Bb5 Bd6 8. dxc5 Bxc5 9. O-O O-O 10. b3 a6 11. Bxc6 bxc6 12. Qc2 {D32: Tarrasch Defence: Sidelines and lines without g3} (12. Bb2 Re8 13. Rc1 Bd6 14. Na4 Bd7 15. Nc5 Bxc5 16. Bxf6 Qxf6 17. Rxc5 Re4 18. Nd4 Rh4 19. g3 Rh6 {1-0 (57) Bareev,E (2642)-Yang,K (2505) Kingston 2019}) 12... Bd6 13. Bb2 Re8 14. Ne2 {The position is equal.} Bb7 $146 ({Predecessor:} 14... Bd7 15. Ng3 Ne4 16. Nxe4 Rxe4 17. Qc3 f6 18. Rad1 a5 19. Rd4 Qe7 {½-½ (33) Wirthensohn,H (2365)-Fuchs,H (2340) Germany 1997}) 15. Ng3 h6 16. Nd4 Rc8 17. Ndf5 Bf8 $1 18. b4 a5 ({But not} 18... Bxb4 $2 19. Nxg7 $1 {[%mdl 512]} Bf8 20. Nxe8 $18) 19. a3 g6 20. Qc3 gxf5 21. Qxf6 Qxf6 22. Bxf6 Kh7 23. Bd4 Ba6 24. Rfd1 Kg6 25. Bc3 h5 26. Nf1 f4 27. exf4 Bxf1 28. Kxf1 Re4 (28... axb4 $11 29. axb4 Re4) 29. b5 (29. bxa5 $16 Rxf4 30. Rab1) 29... cxb5 30. Bxa5 Rxf4 31. Rxd5 Ra4 32. Rxb5 Rxa3 33. Rxa3 Bxa3 $16 {[%mdl 4096] Endgame KRB-KRB} 34. Bd2 Be7 35. g3 Rc6 36. Kg2 Ra6 37. Be3 Re6 38. h3 Bf6 39. Kf3 Be7 40. Rb8 Bf6 41. Rb4 Bg7 42. Rb7 f5 43. Rd7 Bf8 44. Rd8 Bg7 45. Bd4 {Rg8 is the strong threat.} Bh6 46. Rd5 Bf8 47. Be5 Bh6 48. g4 (48. h4 $16) 48... hxg4+ 49. hxg4 fxg4+ 50. Kxg4 Bg7 51. f4 {And now f5+ would win.} Bxe5 $11 {KRB-KR} 52. f5+ Kf6 53. fxe6 Kxe6 {KR-KB} 54. Rd1 Bd6 55. Kg5 Be5 56. Re1 Kd5 57. Kf5 Bd6 58. Rd1+ Kc6 59. Ke6 Bb8 60. Rc1+ Kb7 61. Kd7 Ba7 $2 {[%mdl 8192]} (61... Bf4 $14) 62. Rb1+ $1 $18 Ka8 63. Kc7 Be3 64. Re1 Bf2 65. Rf1 Bg3+ 66. Kb6 Be5 67. Rf5 Bg3 68. Rh5 Bf2+ 69. Kc6 Be3 70. Ra5+ Kb8 71. Rb5+ Ka8 72. Rb3 Bd4 {[#]} 73. Kb5 $1 Kb7 {[#]} 74. Kc4+ $2 (74. Rd3 $1 $18 {[%cal Rd3d4]} Be5 75. Rd7+ Kb8 76. Kb6) 74... Bb6 $14 75. Kd5 Kc7 76. Rxb6 {Accuracy: White = 54%, Black = 43%.} 1/2-1/2

[Event "21st Sants Open 2019"]
[Site "Cotxeres de Sants"]
[Date "2019.08.29"]
[Round "7.11"]
[White "Brochet, Philippe"]
[Black "Garriga Cazorla, Pere"]
[Result "1/2-1/2"]
[WhiteElo "2400"]
[BlackElo "2495"]
[Annotator "ChessBase"]
[PlyCount "72"]
[EventDate "2019.08.22"]
[EventType "swiss"]
[EventCountry "ESP"]
[SourceTitle "playchess.com"]
[Source "ChessBase"]
[SourceQuality "1"]
[TimeControl "40/5400+30:1800+30"]

1. e4 {[%emt 0:00:00]} c5 {[%emt 0:00:00]} 2. Nc3 {[%emt 0:00:00]} Nc6 {[%emt 0:00:00]} 3. Bb5 {[%emt 0:00:00]} Nd4 {[%emt 0:00:00]} 4. Nge2 {[%emt 0:00:00]} a6 {[%emt 0:00:08]} 5. Bc4 {[%emt 0:00:49]} b5 {[%emt 0:00:16]} 6. Bd5 {[%emt 0:00:04]} Rb8 {[%emt 0:00:03]} 7. a3 {[%emt 0:00:09]} e6 {[%emt 0:03:36]} 8. Ba2 {[%emt 0:00:04]} g6 {[%emt 0:01:02]} 9. d3 {[%emt 0:04:37]} Bg7 {[%emt 0:01:02]} 10. Bf4 {[%emt 0:00:51]} d6 {[%emt 0:00:18]} 11. Nxd4 {[%emt 0:03:13]} cxd4 {[%emt 0:00:53]} 12. Ne2 {[%emt 0:00:04]} Ne7 {[%emt 0:00:56]} 13. Qd2 {[%emt 0:00:30]} h6 {[%emt 0:00:02]} 14. O-O {[%emt 0:09:21]} a5 {[%emt 0:13:16]} 15. c3 {[%emt 0:06:09]} e5 {[%emt 0:04:15]} 16. Bg3 {[%emt 0:02:52]} dxc3 {[%emt 0:00:01]} 17. bxc3 {[%emt 0:01:08]} O-O {[%emt 0:00:42]} 18. f4 {[%emt 0:05:43]} Be6 {[%emt 0:21:23]} 19. Bxe6 {[%emt 0:01:14]} fxe6 {[%emt 0:00:02]} 20. fxe5 {[%emt 0:06:20]} Rxf1+ {[%emt 0:04:01]} 21. Rxf1 {[%emt 0:00:03]} dxe5 {[%emt 0:00:06]} 22. Qa2 {[%emt 0:19:13]} Qd7 {[%emt 0:05:36]} 23. d4 {[%emt 0:05:08]} Rf8 {[%emt 0:01:26]} 24. Rxf8+ {[%emt 0:09:05]} Kxf8 {[%emt 0:00:28]} 25. Bxe5 {[%emt 0:01:51]} Bxe5 {[%emt 0:00:07]} 26. dxe5 {[%emt 0:00:03]} Nc6 {[%emt 0:00:27]} 27. Qb3 {[%emt 0:14:00]} Nxe5 {[%emt 0:09:47]} 28. Nd4 {[%emt 0:00:06]} Ke7 {[%emt 0:00:04]} 29. h3 {[%emt 0:01:54]} Nd3 {[%emt 0:01:27]} 30. Nxb5 {[%emt 0:00:41]} Qc6 {[%emt 0:00:52]} 31. Qa4 {[%emt 0:01:29]} Qc5+ {[%emt 0:02:44]} 32. Kh1 {[%emt 0:01:15]} Qe3 {[%emt 0:04:29]} 33. Qxa5 {[%emt 0:01:24]} Qc1+ {[%emt 0:01:15]} 34. Kh2 {[%emt 0:00:05]} Qf4+ {[%emt 0:00:06]} 35. Kg1 {[%emt 0:01:22]} Qc1+ {[%emt 0:00:33]} 36. Kh2 {[%emt 0:00:05]} Qf4+ 1/2-1/2

[Event "21st Sants Open 2019"]
[Site "Cotxeres de Sants"]
[Date "2019.08.29"]
[Round "7.12"]
[White "Umetsubo, Cesar Hidemitsu"]
[Black "Harika, Dronavalli"]
[Result "1/2-1/2"]
[WhiteElo "2396"]
[BlackElo "2495"]
[Annotator "ChessBase"]
[PlyCount "48"]
[EventDate "2019.08.22"]
[EventType "swiss"]
[EventCountry "ESP"]
[SourceTitle "playchess.com"]
[Source "ChessBase"]
[SourceQuality "1"]
[TimeControl "40/5400+30:1800+30"]

1. e4 {[%emt 0:00:11]} c5 {[%emt 0:02:16]} 2. Nc3 {[%emt 0:02:42]} Nc6 {[%emt 0:00:33]} 3. g3 {[%emt 0:00:49]} g6 {[%emt 0:00:08]} 4. Bg2 {[%emt 0:00:17]} Bg7 {[%emt 0:00:06]} 5. d3 {[%emt 0:00:51]} d6 {[%emt 0:00:06]} 6. f4 {[%emt 0:04:28]} e6 {[%emt 0:00:44]} 7. Nf3 {[%emt 0:00:31]} Nge7 {[%emt 0:00:23]} 8. O-O {[%emt 0:00:38]} O-O {[%emt 0:00:09]} 9. Be3 {[%emt 0:00:34]} b6 {[%emt 0:00:20]} 10. d4 {[%emt 0:10:38]} Ba6 {[%emt 0:00:10]} 11. Rf2 {[%emt 0:00:25]} d5 {[%emt 0:19:00]} 12. Rd2 {[%emt 0:09:13]} Na5 {[%emt 0:10:10]} 13. b3 {[%emt 0:04:58]} Rc8 {[%emt 0:21:18]} 14. Ne5 {[%emt 0:18:49]} cxd4 {[%emt 0:11:09]} 15. Bxd4 {[%emt 0:00:19]} Nac6 {[%emt 0:00:35]} 16. Nxc6 {[%emt 0:00:46]} Rxc6 {[%emt 0:00:06]} 17. Bxg7 {[%emt 0:02:15]} Kxg7 {[%emt 0:00:04]} 18. Ne2 {[%emt 0:01:23]} Bxe2 {[%emt 0:00:39]} 19. Qxe2 {[%emt 0:01:16]} Rc3 {[%emt 0:07:55]} 20. exd5 {[%emt 0:02:20]} Nxd5 {[%emt 0:00:14]} 21. Bxd5 {[%emt 0:17:13]} exd5 {[%emt 0:00:16]} 22. Qe5+ {[%emt 0:00:13]} Qf6 {[%emt 0:00:06]} 23. Re1 {[%emt 0:01:12]} Rfc8 {[%emt 0:03:17]} 24. Qxf6+ {[%emt 0:01:22]} Kxf6 {[%emt 0:00:04]} 1/2-1/2

[Event "21st Sants Open 2019"]
[Site "Cotxeres de Sants"]
[Date "2019.08.29"]
[Round "7.13"]
[White "Cuartas, Jaime Alexander"]
[Black "Guerra Rivera, Salvador"]
[Result "1/2-1/2"]
[WhiteElo "2530"]
[BlackElo "2344"]
[Annotator "TA"]
[PlyCount "279"]
[EventDate "2019.08.22"]
[EventType "swiss"]
[EventCountry "ESP"]
[SourceTitle "playchess.com"]
[Source "ChessBase"]
[SourceQuality "1"]

{[%evp 22,279,0,0,12,0,12,0,0,-4,0,-8,-5,-19,-15,-26,-19,-19,-13,-18,-14,-17,-18,-35,-35,-54,-61,-60,-57,-25,-25,-66,-16,-42,-25,-15,0,-4,0,0,0,0,90,90,90,90,90,91,107,69,99,86,114,117,111,99,130,66,68,68,87,97,78,94,110,84,82,81,303,316,308,304,309,301,302,289,460,88,87,83,88,72,90,90,90,70,89,90,89,97,97,85,90,70,70,0,90,90,94,94,105,70,70,70,70,67,67,67,67,67,65,62,62,62,59,49,67,67,67,67,67,67,67,58,59,29,35,28,29,29,30,29,29,29,35,34,50,0,5,5,7,0,8,8,14,14,14,17,20,19,48,48,48,48,48,48,48,48,48,48,48,48,48,48,66,66,66,66,66,66,66,66,66,66,66,66,66,66,66,66,66,66,66,66,66,66,66,66,66,62,62,60,60,8,43,8,8,8,8,8,8,8,8,0,0,0,0,0,0,0,0,0,0,0,0,0,0,0,0,0,0,0,0,0,0,0,0,0,0,0,0,0,0,0,0,0,0,0,0,0,0,0,0,0,0,0,0,0,0,0,0,0,0,0,0,0,0,0,0,0]} 1. d4 e6 2. Nf3 Nf6 3. e3 d5 4. c4 b6 5. Nc3 Bb7 6. Bd3 Bd6 7. O-O O-O 8. Qe2 Nbd7 9. e4 dxe4 10. Nxe4 Nxe4 11. Bxe4 Bxe4 12. Qxe4 c5 {E14: Queen's Indian: Classical Variation (4 e3)} (12... h6 13. Rd1 Qe7 14. b3 Nf6 15. Qe2 a5 16. a4 Rfd8 17. Bb2 c6 18. Ne5 Bxe5 19. Qxe5 Qd6 20. Qe2 {0-1 (57) Andreikin,D (2719)-Wang,H (2730) St Petersburg 2018}) 13. Rd1 Qc7 14. Bg5 Rfe8 15. Qd3 {[#] Strongly threatening dxc5.} Nf8 16. Rac1 $146 ({Predecessor:} 16. d5 e5 17. Nd2 Be7 18. Bxe7 Qxe7 19. Re1 Qg5 20. Ne4 {1-0 (54) Estevez Morales,G (2350)-Mateo,R (2320) Havana 1982}) 16... e5 17. dxc5 ({But not} 17. Nxe5 Ne6 $17) 17... Bxc5 {Hoping for ...e4.} 18. Qe4 Ne6 19. Be3 Bxe3 20. Qxe3 f6 21. g3 Rad8 22. Rd5 Qc6 23. Rxd8 Rxd8 24. b3 e4 25. Ne1 f5 26. Kf1 Kf7 27. f3 Qc5 28. Rc3 Qe5 29. fxe4 fxe4 30. Rc2 $1 Nd4 31. Rf2+ Ke6 (31... Kg8 $11 {keeps the balance.}) 32. Rf4 $16 Nf5 33. Qxe4 Qxe4 34. Rxe4+ {[%mdl 4096] Endgame KRN-KRN} Kf6 35. Nf3 Rd1+ 36. Re1 Rd3 37. Kf2 g5 38. g4 Ng7 39. h4 ({White should play} 39. Ke2 $16 Rd8 40. Rd1 Rxd1 41. Kxd1) 39... gxh4 $14 40. Rh1 Rc3 41. Rxh4 Rc2+ 42. Ke3 Rxa2 43. Rh6+ Kf7 44. Rxh7 a5 $2 (44... Kg6 $16 {might work better.} 45. Rh1 Ne6) 45. Nd4 $18 {[#] Nf5 is the strong threat.} Kg6 46. Rh8 a4 {If only Black now had time for ...axb3....} 47. Rb8 axb3 48. Rxb6+ ({Don't do} 48. Nxb3 $6 Kg5 $18) 48... Kg5 (48... Kf7 $142 49. Rxb3 Ra4) 49. Nxb3 $2 (49. Nf3+ $18 {is the precise move to win.} Kxg4 50. Rg6+ {[%mdl 64] Double Attack} Kf5 51. Rxg7) 49... Ne8 $16 50. Nd2 Kxg4 51. Ne4 Kf5 52. Kd4 Nc7 53. Rf6+ Kg4 54. Rc6 Na6 55. Rg6+ Kf5 56. Rf6+ Kg4 57. Rb6 Kf5 58. Rf6+ Kg4 59. Nc5 Rd2+ 60. Nd3 Ra2 61. Rb6 Kf5 62. Nc5 Nc7 $1 63. Rc6 Ra7 $1 64. Rh6 Ra1 65. Kc3 Rc1+ 66. Kb4 Rb1+ 67. Ka5 Ke5 68. Ka4 Ra1+ 69. Kb4 Rb1+ 70. Kc3 Rc1+ 71. Kd3 Rd1+ 72. Ke3 Kf5 73. Rc6 Ne8 74. Nb3 Ke5 75. Nd2 Nf6 76. Nf3+ Kf5 77. Nd4+ Kg5 78. Rd6 {Threatens to win with Nf3+.} Rc1 79. Rc6 Rc3+ 80. Ke2 Ne4 81. Nb5 Rb3 (81... Rh3 {seems wilder.} 82. Rc7 Kf4 83. Rf7+ Ke5 84. Re7+ Kf4) 82. Kd1 Kf4 83. Kc2 Rh3 84. Rc8 Rh2+ 85. Kb3 Nd2+ 86. Kb4 Nxc4 87. Kxc4 $14 {KRN-KR} Rh1 88. Re8 Kf5 89. Kd5 Kf4 90. Re4+ Kf5 91. Nd6+ Kf6 92. Rf4+ Ke7 93. Rf7+ Kd8 94. Ne4 (94. Nc4 {looks sharper.} Rh6 95. Ra7 Rf6 96. Rh7 Ra6 97. Rb7) 94... Rd1+ 95. Ke6 Re1 96. Ke5 Re2 97. Rh7 Re1 98. Rg7 Re2 99. Kd5 Re1 100. Nf6 Rd1+ 101. Kc6 Rc1+ 102. Kd6 {[%cal Rg7g8]} Rd1+ 103. Nd5 {[%cal Rg7g8]} Ke8 104. Ra7 (104. Rh7 {is more complex.} Kf8 105. Ke6 Re1+ 106. Kf5 Rf1+ 107. Nf4) 104... Rd2 105. Ra1 (105. Ke6 {is interesting.} Re2+ 106. Kf6 Rd2 107. Rh7 Rf2+ 108. Ke6) 105... Kf7 106. Rg1 Ra2 107. Rg5 ({White should try} 107. Ke5 $1 $14) 107... Ra1 108. Rf5+ Kg6 {The position is equal.} 109. Ne7+ Kg7 110. Ke6 Ra6+ 111. Ke5 Ra5+ 112. Nd5 Kg6 113. Rf8 Kg7 114. Rb8 Kg6 115. Rb7 Kg5 116. Rg7+ Kh4 117. Ke4 Ra4+ 118. Kf3 Ra3+ 119. Ne3 Rb3 120. Kf4 {[%cal Rg7h7]} Rb4+ 121. Ke5 Rb5+ 122. Nd5 Ra5 123. Rg1 Kh3 124. Ke4 Ra4+ 125. Kf5 (125. Kd3 {keeps more tension.} Ra8 126. Ne7 Kh2 127. Rd1 Rd8+ 128. Kc2) 125... Ra5 126. Rd1 Kg3 127. Rd3+ Kf2 128. Kg4 Ra4+ 129. Nf4 Ra8 130. Rf3+ Ke1 131. Re3+ Kd2 132. Kf3 Rf8 133. Ra3 Rf7 134. Ke4 Re7+ 135. Kd4 Rd7+ 136. Nd5 Rd8 137. Ra2+ Ke1 138. Ke4 Re8+ 139. Kf3 Rf8+ 140. Ke4 {Accuracy: White = 69%, Black = 76%.} 1/2-1/2